000 00273nam a2200109Ia 4500
008 230320s9999||||xx |||||||||||||| ||spa||
082 _a193/S31E
100 _aSchopenhauer, Arturo
245 0 _aEstudios De Historia Filosófica
260 _bEpaña moderna
942 _80
_cLIB
999 _c26364
_d26364